| 000 | 00575nam a22002057a 4500 | ||
|---|---|---|---|
| 003 | OSt | ||
| 005 | 20140310182949.0 | ||
| 008 | 130206t xxu||||| |||| 00| 0 eng d | ||
| 020 | _a9789712355776 | ||
| 050 |
_aKPM 78.B87 _b.D346 2010 |
||
| 245 |
_aComprehensive review of business law 2010 / _c Hector S. De Leon and Catalino R. Castaneda, Jr |
||
| 260 |
_aManila : _bRex Book Store , _c 2010. |
||
| 300 |
_a572 p. : _c23 cm. _bill. ; |
||
| 521 | _aBSBA | ||
| 650 | _a Business law. | ||
| 942 |
_2lcc _cBK _kLOC |
||
| 999 |
_c17872 _d17872 |
||